Statistics for Anime Quiz: Tokyo Ghoul Characters

Click here to take the quiz!

General Stats

  • This quiz has been taken 3,119 times
  • The average score is 10 of 25

Answer Stats

HintAnswer% Correct
The main protagonist; "Eyepatch"Kaneki Ken
99%
"Rabbit"; Second main protagonistTouka Kirishima
87%
Best friend of main protagonistHide Nagachika
77%
"Binge-Eater"Rize Kamishiro
68%
Calls main protagonist "Onii-Chan"; Mother is killed by investigatorsHinami Fueguchi
56%
Brother of "Rabbit"; Member of AogiriAyato Kirishima
55%
Mask-maker for ghoulsUta
54%
"Gourmet"; Tries to eat main protagonistTsukiyama Shuu
50%
First-Class Ghoul Investigator who was promoted to Special Class for his impressive work; Previously, partner of #11Koutarou Amon
48%
First-Class Ghoul Investigator who is a Quinque fanaticKureo Mado
44%
Girlfriend is kidnapped by "Gourmet"Nishiki Nishio
41%
Manager of AnteikuYoshimura
40%
"One-Eyed Owl"Eto
34%
Daughter of #11; Partner of #12Akira
33%
Also known as CCG's JasonJuuzou Suzuya
32%
Right-hand man of Manager; alias is "Raven"Renji Yomo
28%
Tortures main protagonist; Also known as "Jason"Yakumo Oomori (Yamori)
27%
Previously classmates with above character; Second Class InvestigatorSeidou Takizawa
18%
Works at a bar and gives main protagonist adviceItori
14%
Practically worships Jason and is part of AogiriNaki
14%
One-Eyed Twin; Previously student of #12 and friend of CCG's JasonKurona Yasuhisa
13%
Member of the Clown and partner of Jason; has very femenine featuresNico
12%
Special Class Ghoul Investigator who is close to CCG's Jason; acts as his mentor at timesYukinori Shinohara
11%
One-Eyed Twin; Previously student of #12 and friend of CCG's JasonNashiro Yasuhisa
10%
Commander of the 11th Ward Special Countermeasures Unit and Section Manager of the Division IIItsuki Marude
6%

Score Distribution

Percentile by Number Answered

Percent of People with Each Score

Your Score History

You have not taken this quiz